1242 1275 1543 1429 1476 1059 1601 1544 1647 1948 1065 1235 1617 1240 1265 1161 1974 1451 1369 1635 1664 1398 1845 1260 1257 1869 1232 1893 1622 1851 1918 1394 1449 1409 1725 1663 1739 1654 1002 1074 1121 1583 1046 1203 1609 1556 1065 1418 1796 1333 1872 1910 1056 1194 1477 1319 1212 1953 1378 1928 1208 1513 1433 1789 1759 1749 1117 1241 1220 1233 1705 1296 1454 1175 1403 1819 1586 1887 1263 1246 1797 1653 1653 1087 1330 1571 1873 1952 1114 1158 1229 1130 1308 1834 1692 1593 1075 1402 1140 BCNSPRNW ULIB Ver.6.0+V

เปลี่ยนเป็นภาษาไทย

Change to English
 แสดงรายละเอียดบรรณานุกรม
  กลับหน้าหลัก

Brief Record : Get Marc (ISO 2709) : E-mail record : QR code < ปิดหน้าต่าง
LEADER : 00000nas 2200000uu 4500
001    13399122430
003     ULIB
008    020711s|||| th a 000 0 tha d
022    19069545
110    พีเพิลมีเดีย
245    สุขกายสบายใจ/^cพีเพิลมีเดีย
260    กรุงเทพฯ :^bพีเพิลมีเดีย,^cม.ป.ป.
310    ^aรายเดือน
850 ^a ULIB:campus^bฉบับที่ 27 ;ฉบับที่ 28 ;ฉบับที่ 29 ;ฉบับที่ 30 ;ฉบับที่ 31 ;ฉบับที่ 32 ;ฉบับที่ 33 ;ฉบับที่ 34 ;ฉบับที่ 35 ;ฉบับที่ 36
945    ^p70^l0^i800506
945    ^p70^l0^i800521
945    ^p70^l0^i800558
945    ^p70^l0^i800600
945    ^p70^l0^i800637
945    ^p70^l0^i800664
945    ^p70^l0^i800700
945    ^p70^l0^i800731
945    ^p70^l0^i800766
945    ^p70^l0^i800800
รายการนี้ยังไม่มีแท็ก
คุณยังไม่ได้ล็อกอิน คุณสามารถมีกิจกรรมร่วมกับเว็บไซต์ได้ แต่ต้องล็อกอินก่อน ::
  ล็อกอิน

รายการสื่อสารสนเทศ (วารสาร)

ดูแบบ: กล่อง รายการ
ARRIVED
ฉบับที่ 27
สถานที่: ห้องสมุดวิทยาเขตสวรรค์ประชารักษ์ >วารสาร
ARRIVED
ฉบับที่ 28
สถานที่: ห้องสมุดวิทยาเขตสวรรค์ประชารักษ์ >วารสาร
ARRIVED
ฉบับที่ 29
สถานที่: ห้องสมุดวิทยาเขตสวรรค์ประชารักษ์ >วารสาร
ARRIVED
ฉบับที่ 30
สถานที่: ห้องสมุดวิทยาเขตสวรรค์ประชารักษ์ >วารสาร
ARRIVED
ฉบับที่ 31
สถานที่: ห้องสมุดวิทยาเขตนครสวรรค์ >วารสาร
ARRIVED
ฉบับที่ 32
สถานที่: ห้องสมุดวิทยาเขตนครสวรรค์ >วารสาร
ARRIVED
ฉบับที่ 33
สถานที่: ห้องสมุดวิทยาเขตนครสวรรค์ >วารสาร
ARRIVED
ฉบับที่ 34
สถานที่: ห้องสมุดวิทยาเขตนครสวรรค์ >วารสาร
ARRIVED
ฉบับที่ 35
สถานที่: ห้องสมุดวิทยาเขตนครสวรรค์ >วารสาร
ARRIVED
ฉบับที่ 36
สถานที่: ห้องสมุดวิทยาเขตนครสวรรค์ >วารสาร

BibComment


ยังไม่เคยถูกคอมเมนท์

คอมเมนท์ทรัพยากรรายการนี้
  คอมเมนท์: สุขกายสบายใจ พีเพ..


 Copyright 2026. Bcnsprnw @Library